| 000 | 01417cam a2200385 4500 | ||
|---|---|---|---|
| 008 | 020930n2004 000 0 eng u | ||
| 020 | _a1405103086 | ||
| 035 | _a(Sirsi) u119905 | ||
| 041 | _aeng | ||
| 050 |
_a332.6324 _c22 |
||
| 245 |
_aInternational real estate _ban institutional approach |
||
| 260 |
_aOxford _bBlackwell _c2004 |
||
| 300 |
_axvi, 368p. _c25cm. |
||
| 350 | _a37.50 | ||
| 490 | _aBlackwell Real Estate Issues | ||
| 520 | _aPresents the latest thinking into the operation of international real estate markets. Part one introduces the transaction-based approach. Part two looks at contextual issues relating to city planning and large-scale project analysis. Part three concludes with individual perspectives from real estate markets in the US, Canada, the UK, Japan and China. References. | ||
| 650 | _aUNITED STATES | ||
| 650 | _aUNITED KINGDOM | ||
| 650 | _aCANADA | ||
| 650 | _aJAPAN | ||
| 650 | _aCHINA | ||
| 650 | _aHONG KONG | ||
| 650 | _aEUROPE | ||
| 650 | _aURBAN PLANNING | ||
| 650 | _aGLOBALISATION | ||
| 650 | _aPROPERTY MARKETS | ||
| 650 | _aREAL ESTATE MARKETS | ||
| 650 | _aREAL ESTATE INVESTMENT | ||
| 650 | _aPROPERTY TRANSACTIONS | ||
| 690 | _aPROPERTY-COMMERCIAL PROPERTY-COMMERCIAL PROPERTY FINANCE AND INVESTMENT | ||
| 700 |
_aSeabrooke, William _xEditor |
||
| 700 |
_aKent, Paul _xEditor |
||
| 700 |
_aHow, Hebe H. H. _xEditor |
||
| 942 | _n0 | ||
| 999 |
_c102441 _d102441 |
||